[Event "New Delhi Parsvnath op 8th"]
[Site "New Delhi"]
[Date "2010.01.14"]
[Round "1"]
[White "Inderjeet Singh, Bindra"]
[Black "Himanshu, Sharma"]
[Result "0-1"]
[WhiteElo "1837"]
[BlackElo "2457"]
[PlyCount "94"]
[EventDate "2010.01.14"]
[EventType "swiss"]
[EventRounds "11"]
[EventCountry "IND"]
[SourceTitle "CBM 134 Extra"]
[Source "ChessBase"]
[SourceDate "2010.03.03"]
[SourceVersion "1"]
[SourceVersionDate "2010.03.03"]
[SourceQuality "1"]

1. d4 Nf6 2. c4 e6 3. a3 c5 4. e3 d5 5. Nc3 Nc6 6. Nf3 a6 7. Be2 dxc4 8. Bxc4 b5 9. Be2 Bb7 10. 0-0 cxd4 11. exd4 Be7 12. Bf4 0-0 13. Qd2 Rc8 14. Rfd1 Na5 15. Qe3 Nd5 16. Nxd5 Qxd5 17. Rac1 Nc4 18. Bxc4 bxc4 19. Qe5 f6 20. Qxd5 exd5 21. Re1 Kf7 22. Rc3 Rfe8 23. Rce3 g5 24. Bg3 Bf8 25. Rxe8 Rxe8 26. Rxe8 Kxe8 27. Kf1 c3 28. bxc3 Bxa3 29. Ke2 Kd7 30. Ne1 Kc6 31. Kd2 a5 32. Nc2 Bf8 33. h4 Bc8 34. hxg5 fxg5 35. Ne3 Be6 36. Be5 a4 37. Kc2 g4 38. f4 gxf3 39. gxf3 h5 40. f4 h4 41. f5 Bd7 42. Bf4 h3 43. Kb2 Bh6 44. Bh2 Bxe3 45. f6 Bh6 46. Ka3 Kb5 47. Bd6 Bf8 0-1